Derecho económico cambiario y penal : incluye la Ley 19.359 de régimen penal cambiario, comentada y concordada /

Guardado en:
Autor Principal: Gerscovich, Carlos A.
Formato: Libro
Idioma:Spanish
Publicado: Buenos Aires : Lexis Nexis, 2006.
Edición:1a. ed.
Materias:
Etiquetas: Agregar Etiqueta
Sin Etiquetas, Sea el primero en etiquetar este registro!
LEADER 00542nam a22001575a 4500
001 DER.der003777
008 180615s2006####ag#||||||||||||||#||spa||
005 20241101113831.0
245 1 0 |a Derecho económico cambiario y penal :  |b incluye la Ley 19.359 de régimen penal cambiario, comentada y concordada /  |c Carlos A. Gerscovich. 
250 |a 1a. ed. 
260 |a Buenos Aires :  |b Lexis Nexis,  |c 2006. 
300 |a 764 p. 
020 |a 9875921327 
100 1 |a Gerscovich, Carlos A. 
650 7 |a DERECHO BANCARIO 
859 |a DERECHO  |b BIB. DERECHO  |h 345  |i GER  |p 005357